Prince's Songs - A Tribute Quiz - Statistics

General Stats
  • This quiz has been taken 309 times
  • The average score is 10 of 15
Answer Stats
lyrics song % Correct
I never meant to cause you any sorrow / I never meant to cause you any pain Purple Rain
94%
But it was Saturday night, I guess that makes it all right / And you say, What have I got to lose? Little Red Corvette
88%
Dig if you will the picture / Of you and I engaged in a kiss When Doves Cry
88%
I was dreamin' when I wrote this, so sue me if I go too fast / But life is just a party and parties weren't meant to last 1999
87%
Dearly beloved, we are gathered here today / To get through this thing called life Let's Go Crazy
86%
You don't have to be beautiful to turn me on / I just need your body baby from dusk till dawn Kiss
80%
I was working part time in a five-and-dime / My boss was Mister McGee Raspberry Beret
78%
I knew a girl named Nikki / I guess you could say she was a sex fiend Darling Nikki
67%
I'm not your lover, I'm not your friend / I am something that you'll never comprehend I Would Die 4 U
64%
It's plain to see you're the reason that God made a girl / Oh, yes you are The Most Beautiful Girl In The World
57%
You turn on the telly and every other story / Is tellin' you somebody died Sign O' The Times
53%
This is it / It's time for you to go to the wire Cream
48%
I wanna turn you on, turn you out / All night long, make you shout I Wanna Be Your Lover
48%
Baby, baby, when I look at you / I get a warm feeling inside I Feel For You
40%
I asked if she wanted to dance / And she said all she wanted was a good man I Could Never Take The Place of Your Man
37%
No matching quizzes found
Score Distribution
Percent of People with Each Score
Percentile by Number Answered
Your Score History
You have not taken this quiz